| 000 | 00379nam a22001337a 4500 | ||
|---|---|---|---|
| 020 | _a9781447163190 | ||
| 040 | _cNUST | ||
| 082 | _a006.37 KLE | ||
| 100 |
_a Klette, Reinhard _997897 |
||
| 245 |
_aConcise Computer Vision: _bAn Introduction into Theory and Algorithms |
||
| 260 |
_aLondon: _bSpringer, _c2014. |
||
| 650 |
_aComputer vision.NUSTTB2022 _9102821 |
||
| 942 |
_2ddc _cBK |
||
| 999 |
_c591198 _d591198 |
||